000 00325nam a22001337a 4500
008 181217b xxu||||| |||| 00| 0 eng d
020 _a471372242
041 _aeng
080 _a510
100 _a36
101 _aMAT
245 _aDiscreet Variable Methods in Ordinary Differential Equations
_cHenrici,P
942 _2udc
_cBK
999 _c53321
_d53321